000 00727nam a2200253 4500
001 31458
003 BD-RjUL
005 20211209051714.0
008 140416s1967 enkab 00110 eng
020 _a0600000427
035 _a(BD-RjUL)31546
040 _cWaSpCo
_aWaSpCo
_beng
_dBD-RjUL
041 _aeng
082 _a299.6
_bPAA 1967
100 1 0 _aParrinder, Geoffrey,
_d1910-
_995711
245 1 0 _aAfrican mythology /
_cby Geoffrey Parrinder.
260 0 _aLondon :
_bHamlyn,
_cc 1967.
300 _a5-141 p. :
_billus. (incl. 27 col.), map. ;
_c29 cm.
500 _aIllus. on lining papers.
504 _aBibliography: p. [140]
650 0 _aMythology, African.
_995712
942 _2ddc
_cBK
999 _c31458
_d31458